000 01215nam a2200313 a 4500
001 000113146
003 CHAP
005 20220329144340.0
008 170502s2016 mx a fsm |||||||spa d
010 _a109607
011 _a110579
040 _cCHAP
090 _aTesis
100 1 _aValencia Isalas, José Olaf
_9132083
245 1 0 _aAnálisis de un modelo matemático como base de un simulador de clima de invernaderos /
_h[En línea]
_cpor José Olaf Valencia Islas.
260 _aChapingo, Méx. :
_bEl autor,
_c2016.
500 _aPara ver el contenido del material haga clic en la liga
502 _aTesis (Mestro en Ingeniería Agrícola y Uso Integral del Agua) -- UACH. Posgrado en Ingeniería Agrícola y Uso Integral del Agua
590 _aE11695DGD
_b10
_c20170502
_lUCH01
_h1431
590 _aE8697GMM
_b05
_c20170502
_lUCH01
_h1406
590 _aE8697GMM
_b05
_c20170502
_lUCH01
_h1409
650 1 4 _aClimatología
_xModelos matemáticos.
_923868
650 1 4 _aInvernaderos
_xAutomatización.
_960174
650 1 4 _aInvernaderos
_xVentilación
_xSimulación.
_9132100
856 _aFinding aid
_uhttp://10.13.5.2/tesis/sist113146.pdf
_zTeclea aquí
901 _aBK
942 _cTESIS
942 _n0
999 _c109607
_d109607